00267pam a2200109 a 4500020000500000041000500005082001500010100002300025245006000048260003300108300001600141 c h a743.6bDAV apaul Bryn Davies. aHow to Draw Dragons in simple steps hTextual Documents a[s.l]:bSearch Press,c2014. a32:bpaper.